| 000 | 00980naa a2200241 a 4500 | ||
|---|---|---|---|
| 001 | 80338 | ||
| 003 | BD-RjUL | ||
| 005 | 20220913110957.0 | ||
| 008 | 220913s1968 pk ||||| |||| 00| 0 urd d | ||
| 035 | _a(BD-RjUL)80338 | ||
| 040 |
_aBD-RjUL _beng _cBD-RjUL |
||
| 041 | _aurd | ||
| 082 |
_223 _a181.07 _bSAI 1968 |
||
| 100 |
_aسرهندي، احمد الشيخ # # Sarhindi, Ahmad Sheikh _94742 |
||
| 245 |
_aانتخاب مكتوبات شيخ احمد سرحدى = Selected Letters of Shaikh Ahmad Sirhindi / _cتاليف و مقدمه = از فضل الرحمن.= by Fazlur Rahman |
||
| 260 |
_aKarachi : _bاقبال أكادمى پاكستان،=Iqbal Academy Karachi , _c1968 |
||
| 300 |
_av. ; _c23 cm |
||
| 505 | _aV. pt. 1- Philosophical & Theological Letters.-- pt. 2.Shaikh Sirhindi in World.-- | ||
| 600 |
_aAḥmad Sirhindī, _d1563-1624 _x Correspondence _94743 |
||
| 650 | _aIslamic philosophy | ||
| 700 |
_a الرحمن، فضل _94756 |
||
| 942 |
_2ddc _cBK |
||
| 999 |
_c80338 _d80338 |
||